| 000 | 00902cam a22002533a 4500 | ||
|---|---|---|---|
| 001 | 8424 | ||
| 003 | PGUSA | ||
| 005 | 20140828083156.0 | ||
| 008 | 050701s2005||||xxu|||||s|||||000 1 eng d | ||
| 040 |
_aPGUSA _beng |
||
| 042 | _adc | ||
| 050 | 4 | _aPS | |
| 100 | 1 |
_aCooke, John Esten, _d1830-1886 |
|
| 245 | 1 | 0 |
_aMohun; Or, the Last Days of Lee and His Paladins. : _bFinal Memoirs of a Staff Officer Serving in Virginia. from the Mss. of Colonel Surry, of Eagle's Nest. _h[electronic resource] / _cJohn Esten Cooke |
| 260 |
_bProject Gutenberg, _c2005 |
||
| 506 | _aPublic domain in the USA. | ||
| 516 | _aElectronic text | ||
| 653 | _aVirginia -- History -- Civil War, 1861-1865 -- Fiction | ||
| 653 | _aUnited States -- History -- Civil War, 1861-1865 -- Fiction | ||
| 653 | _aWar stories | ||
| 830 | 0 |
_aProject Gutenberg _v8424 |
|
| 856 | 4 | 0 | _uhttp://www.gutenberg.org/ebooks/8424 |
| 942 | _cEB | ||
| 999 |
_c237724 _d237724 |
||